Essential mathematics for economic analysis / Knut Sydsæter, Peter Hammond, Arne Strøm and Andrés Carvajal. (Record no. 22183)

000 -LEADER
fixed length control field 01399nam a22002057a 4500
020 ## - INTERNATIONAL STANDARD BOOK NUMBER
ISBN 978129235932-8 (ebk)
082 ## - DEWEY DECIMAL CLASSIFICATION NUMBER
Classification number 330.0151
Item number Sy982 2021
100 ## - MAIN ENTRY--AUTHOR NAME
Personal name Sydsæter, Knut, author.
245 ## - TITLE STATEMENT
Title Essential mathematics for economic analysis / Knut Sydsæter, Peter Hammond, Arne Strøm and Andrés Carvajal.
250 ## - EDITION STATEMENT
Edition statement 6th edition.
260 ## - PUBLICATION, DISTRIBUTION, ETC. (IMPRINT)
Place of publication Hoboken, NJ :
Name of publisher Pearson,
Year of publication 2021.
300 ## - PHYSICAL DESCRIPTION
Number of Pages 1 online resource, xviii, 952 pages :
Other physical details color illustrations.
500 ## - GENERAL NOTE
General note Includes index.
520 ## - SUMMARY, ETC.
Summary, etc The subject matter that modern economics students are expected to master makes significant mathematical demands. This is true even of the less technical "applied" literature that students will be expected to read for courses in fields such as public finance, industrial organization, and labour economics, amongst several others. Indeed, the most relevant literature typically presumes familiarity with several important mathematical tools, especially calculus for functions of one and several variables, as well as a basic understanding of multivariable optimization problems with or without constraints. Linear algebra is also used to some extent in economic theory, and a great deal more in econometrics"-- Provided by publisher
650 ## - SUBJECT ADDED ENTRY--TOPICAL TERM
Topical Term Economic Analysis
-- Mathematical
700 ## - ADDED ENTRY--PERSONAL NAME
Personal name Strøm, Arne.
700 ## - ADDED ENTRY--PERSONAL NAME
Personal name Hammond, Peter.
700 ## - ADDED ENTRY--PERSONAL NAME
Personal name Carvajal, Andrés.
942 ## - ADDED ENTRY ELEMENTS (KOHA)
Koha item type Electronic Books
Holdings
Source of acquisition Permanent Location Date acquired Collection code Koha item type Lost status Shelving location Withdrawn status Current Location Full call number
DonationCagayan State University - Carig Library2026-04-15E-BooksElectronic Books E-Resource Section Cagayan State University - Carig Library330.0151 Sy982 2021

Cagayan State University University Library, Carig Campus
Tuguegarao City, Cagayan 3500 | www.csucarig.edu.ph

Powered by Koha